[Event "Festival de Calviá 2009 - 6. Open s2300"]
[Site "Calvia ESP"]
[Date "2009.10.11"]
[Round "2.6"]
[White "Andersen, Lars Even"]
[Black "Valiente Roy, Jose Javier"]
[Result "1-0"]
[WhiteElo "2242"]
[BlackElo "2094"]
[PlyCount "95"]
[EventDate "2009.10.10"]
[EventType "swiss"]
[EventRounds "9"]
[EventCountry "ESP"]
[Source "lmi"]
[SourceDate "2009.10.10"]

1. c4 e6 2. Nc3 d5 3. d4 c5 4. cxd5 exd5 5. Nf3 Nc6 6. g3 Nf6 7. Bg2 Be7 8. O-O
O-O 9. Bg5 c4 10. Ne5 Be6 11. e3 Ne8 12. Nxc6 bxc6 13. Bxe7 Qxe7 14. Na4 Rb8
15. b3 Nd6 16. Nc5 Rb5 17. Qd2 Rfb8 18. Rfc1 h6 19. Bf1 Bf5 20. Qd1 Qf6 21. Qf3
Qg6 22. bxc4 Nxc4 23. Bxc4 dxc4 24. Rxc4 Bg4 25. Qf4 Rb1+ 26. Rc1 R8b2 27.
Raxb1 Rxb1 28. e4 Rxc1+ 29. Qxc1 Bh3 30. Qf4 Qh5 31. f3 Be6 32. a4 Bc4 33. Qf5
Qxf5 34. exf5 Kf8 35. Kf2 Ke7 36. Ne4 a5 37. Ke3 Bb3 38. Nc5 Ba2 39. Kf4 Kd6
40. Nb7+ Kd5 41. Nxa5 Kxd4 42. Nxc6+ Kc5 43. Nd8 Bb3 44. Ke5 Bd5 45. a5 f6+ 46.
Kf4 g5+ 47. fxg6 Kd6 48. Nf7+ 1-0

[Event "Festival de Calviá 2009 - 6. Open s2300"]
[Site "Calvia ESP"]
[Date "2009.10.11"]
[Round "2.7"]
[White "Hutchinson, Norman A"]
[Black "Ducros Salva, Antonio"]
[Result "1/2-1/2"]
[WhiteElo "2096"]
[BlackElo "2239"]
[PlyCount "55"]
[EventDate "2009.10.10"]
[EventType "swiss"]
[EventRounds "9"]
[EventCountry "ESP"]
[Source "lmi"]
[SourceDate "2009.10.10"]

1. e4 d5 2. exd5 Qxd5 3. Nc3 Qd6 4. Nf3 Nf6 5. d4 a6 6. Ne5 Nc6 7. Nxc6 Qxc6 8.
d5 Qd6 9. Qf3 Bg4 10. Qf4 Qxf4 11. Bxf4 O-O-O 12. f3 Bf5 13. O-O-O h5 14. Bd3
Bxd3 15. Rxd3 g6 16. Re1 Rd7 17. Red1 Bg7 18. Ne4 Rhd8 19. c4 b6 20. Kc2 Nxe4
21. fxe4 e6 22. dxe6 Rxd3 23. Rxd3 Rxd3 24. Kxd3 fxe6 25. b3 e5 26. Bg5 Bf8 27.
Bf6 Bd6 28. Kc3 1/2-1/2

[Event "Festival de Calviá 2009 - 6. Open s2300"]
[Site "Calvia ESP"]
[Date "2009.10.11"]
[Round "2.8"]
[White "Alcaraz Ortega, Javier"]
[Black "Tart, Peter K"]
[Result "1-0"]
[WhiteElo "2236"]
[BlackElo "2078"]
[PlyCount "53"]
[EventDate "2009.10.10"]
[EventType "swiss"]
[EventRounds "9"]
[EventCountry "ESP"]
[Source "lmi"]
[SourceDate "2009.10.10"]

1. Nf3 b6 2. g3 Bb7 3. Bg2 e6 4. c4 Nf6 5. O-O Be7 6. Nc3 O-O 7. Re1 d5 8. cxd5
exd5 9. d4 c5 10. b3 Nbd7 11. Bb2 Re8 12. Rc1 Rc8 13. e3 Nf8 14. Re2 Ne6 15.
Rec2 Ne4 16. dxc5 N6xc5 17. b4 Nxc3 18. Rxc3 Ne4 19. Rxc8 Bxc8 20. Nd4 Bf6 21.
Qa4 Qe7 22. Rc7 Qe5 23. Nf3 Qe6 24. Bh3 b5 25. Bxe6 bxa4 26. Bxf7+ Kf8 27. Bxf6
1-0

[Event "Festival de Calviá 2009 - 6. Open s2300"]
[Site "Calvia ESP"]
[Date "2009.10.11"]
[Round "2.9"]
[White "Vela Ignacio, Jose Manuel"]
[Black "Fruebing, Thomas"]
[Result "1/2-1/2"]
[WhiteElo "2087"]
[BlackElo "2232"]
[PlyCount "43"]
[EventDate "2009.10.10"]
[EventType "swiss"]
[EventRounds "9"]
[EventCountry "ESP"]
[Source "lmi"]
[SourceDate "2009.10.10"]

1. e4 e6 2. d3 e5 3. f4 d5 4. exd5 Qxd5 5. Qe2 Nc6 6. Nc3 Bb4 7. Bd2 Qa5 8.
fxe5 Nd4 9. Qd1 Qxe5+ 10. Nce2 Nxe2 11. Qxe2 Qxe2+ 12. Bxe2 Bxd2+ 13. Kxd2 Be6
14. Nf3 O-O-O 15. Ng5 Nf6 16. Nxe6 fxe6 17. Rae1 Rhe8 18. Bf3 e5 19. Be4 Rd4
20. Rhf1 Nxe4+ 21. Rxe4 Rxe4 22. dxe4 1/2-1/2

[Event "Festival de Calviá 2009 - 6. Open s2300"]
[Site "Calvia ESP"]
[Date "2009.10.11"]
[Round "2.10"]
[White "Hutchinson, Paul A"]
[Black "Logar, Metod"]
[Result "0-1"]
[WhiteElo "2228"]
[BlackElo "2069"]
[PlyCount "94"]
[EventDate "2009.10.10"]
[EventType "swiss"]
[EventRounds "9"]
[EventCountry "ESP"]
[Source "lmi"]
[SourceDate "2009.10.10"]

1. d4 Nf6 2. Nf3 e6 3. g3 b6 4. Bg2 Bb7 5. O-O Be7 6. c4 O-O 7. Nc3 Ne4 8. Qd3
Nxc3 9. bxc3 f5 10. d5 Na6 11. Nd4 Nc5 12. Qc2 g6 13. Bh6 Rf6 14. Nb3 Qe8 15.
Nxc5 Bxc5 16. Bg5 Rf8 17. e4 Qf7 18. Rad1 exd5 19. exd5 Rfe8 20. Rd3 a5 21. Bf3
Ba6 22. Qb3 Rab8 23. a4 Kg7 24. Qa2 h6 25. Bc1 Qf8 26. Rdd1 Kh7 27. h4 Qg7 28.
Qb3 Re7 29. Kg2 Rbe8 30. Bd2 Re4 31. Bxe4 Rxe4 32. Qb1 Bxc4 33. Rfe1 Bxd5 34.
f3 Rxa4 35. Qd3 Bc6 36. Re2 Qf7 37. Bf4 Ra2 38. Rxa2 Qxa2+ 39. Rd2 Qe6 40. h5
g5 41. Bxc7 g4 42. Kh2 gxf3 43. g4 Qe4 44. Qf1 d6 45. Rd4 Bxd4 46. cxd4 Qf4+
47. Kg1 Qg3+ 0-1

[Event "Festival de Calviá 2009 - 6. Open s2300"]
[Site "Calvia ESP"]
[Date "2009.10.11"]
[Round "2.11"]
[White "Redondo Arguelles, Graciela"]
[Black "Vega Gomez, Francisco B"]
[Result "1/2-1/2"]
[WhiteElo "2059"]
[BlackElo "2226"]
[PlyCount "61"]
[EventDate "2009.10.10"]
[EventType "swiss"]
[EventRounds "9"]
[EventCountry "ESP"]
[Source "lmi"]
[SourceDate "2009.10.10"]

1. e4 Nc6 2. Nf3 d5 3. exd5 Qxd5 4. Nc3 Qa5 5. Bc4 Bg4 6. h3 Bh5 7. g4 Bg6 8.
d3 O-O-O 9. Bd2 e5 10. Nd5 Qc5 11. b4 Qd6 12. b5 Nd4 13. Bb4 Nxf3+ 14. Qxf3 Qd7
15. Bxf8 Rxf8 16. Qe3 Kb8 17. Rb1 Nf6 18. Nb4 Qd4 19. Qxd4 exd4 20. Kd2 Rd8 21.
f4 h5 22. f5 Bh7 23. g5 Nd7 24. Bxf7 Rdf8 25. g6 Bg8 26. Bxg8 Rhxg8 27. Rhf1
Nb6 28. Rbe1 Rf6 29. Re5 Rc8 30. Nd5 Nxd5 31. Rxd5 1/2-1/2

[Event "Festival de Calviá 2009 - 6. Open s2300"]
[Site "Calvia ESP"]
[Date "2009.10.11"]
[Round "2.12"]
[White "Spence, David J"]
[Black "Montero Campuzano, Rafael"]
[Result "1-0"]
[WhiteElo "2223"]
[BlackElo "2066"]
[PlyCount "37"]
[EventDate "2009.10.10"]
[EventType "swiss"]
[EventRounds "9"]
[EventCountry "ESP"]
[Source "lmi"]
[SourceDate "2009.10.10"]

1. e4 c5 2. c3 g6 3. d4 cxd4 4. cxd4 Bg7 5. Nc3 d6 6. h3 a6 7. Nf3 b6 8. Bd3
Bb7 9. O-O Nh6 10. Be3 f6 11. d5 Nd7 12. Nd4 Nf8 13. Qd2 Nf7 14. f4 Bh6 15.
Rac1 Qd7 16. Ncb5 Rc8 17. Rxc8+ Qxc8 18. Rc1 Qb8 19. Nc7+ 1-0

[Event "Festival de Calviá 2009 - 6. Open s2300"]
[Site "Calvia ESP"]
[Date "2009.10.11"]
[Round "2.13"]
[White "Mercant Simo, Jaime"]
[Black "Gaya Llodra, Juan"]
[Result "0-1"]
[WhiteElo "2056"]
[BlackElo "2218"]
[PlyCount "96"]
[EventDate "2009.10.10"]
[EventType "swiss"]
[EventRounds "9"]
[EventCountry "ESP"]
[Source "lmi"]
[SourceDate "2009.10.10"]

1. e4 Nf6 2. e5 Nd5 3. Nc3 Nxc3 4. dxc3 d6 5. Bc4 e6 6. Nf3 Be7 7. Bf4 d5 8.
Bd3 c5 9. c4 Nc6 10. a3 a6 11. O-O g5 12. Bg3 h5 13. h3 Bd7 14. c3 Na5 15. Nd2
b5 16. cxb5 axb5 17. Be2 h4 18. Bh2 Bc6 19. Bh5 d4 20. f4 dxc3 21. bxc3 Rxh5
22. Qxh5 Qxd2 23. Rf2 Qxc3 24. Rd1 Bd5 25. fxg5 O-O-O 26. Rxf7 Qe3+ 27. Kh1
Qxg5 28. Qxg5 Bxg5 29. Rb1 Nb3 30. Bf4 Rg8 31. Bxg5 Rxg5 32. Rb2 Rxe5 33. Rh7
Rf5 34. Rxh4 Kc7 35. Kh2 Nd4 36. Rh7+ Kd6 37. g4 Rf3 38. g5 Rxa3 39. Rf7 Nf3+
40. Rxf3 Rxf3 41. Rxb5 Rb3 42. Ra5 Rb2+ 43. Kg3 Rg2+ 44. Kf4 e5+ 45. Kf5 Be6+
46. Ke4 Ra2 47. Rxa2 Bxa2 48. h4 Bb1+ 0-1

[Event "Festival de Calviá 2009 - 6. Open s2300"]
[Site "Calvia ESP"]
[Date "2009.10.11"]
[Round "2.14"]
[White "Galiana Salom, Juan Ramon"]
[Black "Schenk Papke, Andres"]
[Result "1-0"]
[WhiteElo "2216"]
[BlackElo "2057"]
[PlyCount "29"]
[EventDate "2009.10.10"]
[EventType "swiss"]
[EventRounds "9"]
[EventCountry "ESP"]
[Source "lmi"]
[SourceDate "2009.10.10"]

1. e4 e6 2. d4 d5 3. Nd2 dxe4 4. Nxe4 Qd5 5. Bd3 Nf6 6. Qf3 Qxd4 7. Ne2 Qd8 8.
Bf4 Nbd7 9. O-O-O Nxe4 10. Bxe4 c6 11. Bxc6 Qa5 12. Bxd7+ Bxd7 13. Rxd7 Qxa2
14. Nc3 Qa1+ 15. Nb1 1-0

[Event "Festival de Calviá 2009 - 6. Open s2300"]
[Site "Calvia ESP"]
[Date "2009.10.11"]
[Round "2.15"]
[White "Tscharotschkin, Michael"]
[Black "Moreno Garcia, Alfonso"]
[Result "1-0"]
[WhiteElo "2194"]
[BlackElo "2050"]
[PlyCount "47"]
[EventDate "2009.10.10"]
[EventType "swiss"]
[EventRounds "9"]
[EventCountry "ESP"]
[Source "lmi"]
[SourceDate "2009.10.10"]

1. e4 e5 2. f4 d5 3. exd5 e4 4. d3 exd3 5. Bxd3 Nf6 6. Nf3 Nxd5 7. O-O Be7 8.
Ng5 Nf6 9. Nc3 O-O 10. Nce4 Nbd7 11. Be3 c6 12. Kh1 Nxe4 13. Nxe4 Nf6 14. Qf3
g6 15. f5 Nxe4 16. Bxe4 Bf6 17. Bc5 Be7 18. Rad1 Qc7 19. Be3 Bxf5 20. Bxf5 gxf5
21. Bh6 Rfd8 22. Qxf5 Kh8 23. Qxf7 Qe5 24. Rde1 1-0

[Event "Festival de Calviá 2009 - 6. Open s2300"]
[Site "Calvia ESP"]
[Date "2009.10.11"]
[Round "2.16"]
[White "Pettersson, Anders"]
[Black "Lind, Jan-Olov"]
[Result "1/2-1/2"]
[WhiteElo "2049"]
[BlackElo "2189"]
[PlyCount "72"]
[EventDate "2009.10.10"]
[EventType "swiss"]
[EventRounds "9"]
[EventCountry "ESP"]
[Source "lmi"]
[SourceDate "2009.10.10"]

1. d4 c5 2. d5 e5 3. c4 d6 4. e4 Nf6 5. Nc3 g6 6. Bd3 Bg7 7. f3 a6 8. Nge2 Nbd7
9. Be3 Rb8 10. O-O O-O 11. a3 Kh8 12. Qd2 Ng8 13. b4 b6 14. Rfb1 f5 15. Bc2 f4
16. Bf2 g5 17. Kh1 Qe8 18. Ng1 Rf6 19. Ba4 Bf8 20. bxc5 dxc5 21. g4 Bd6 22. Bc6
h5 23. h3 Rh6 24. Kg2 Ngf6 25. a4 a5 26. Nge2 Qf7 27. Rh1 Nf8 28. Qd3 Qg6 29.
Rag1 Ba6 30. Nb5 Bxb5 31. Bxb5 Rb7 32. Bc6 Rbh7 33. Nc3 hxg4 34. hxg4 Rxh1 35.
Rxh1 Rxh1 36. Kxh1 Qh7+ 1/2-1/2

[Event "Festival de Calviá 2009 - 6. Open s2300"]
[Site "Calvia ESP"]
[Date "2009.10.11"]
[Round "2.17"]
[White "Durandeau, Jean-Marie"]
[Black "Ask, Josef"]
[Result "1/2-1/2"]
[WhiteElo "2015"]
[BlackElo "2181"]
[PlyCount "32"]
[EventDate "2009.10.10"]
[EventType "swiss"]
[EventRounds "9"]
[EventCountry "ESP"]
[Source "lmi"]
[SourceDate "2009.10.10"]

1. e4 e5 2. Nf3 Nc6 3. Bb5 Nge7 4. O-O Ng6 5. Nc3 Bc5 6. d3 O-O 7. Be3 Nd4 8.
Bc4 c6 9. Na4 Bd6 10. Nc3 b5 11. Bb3 a5 12. a3 Bc5 13. Bxd4 exd4 14. Ne2 a4 15.
Ba2 Qf6 16. Ng3 d6 1/2-1/2

[Event "Festival de Calviá 2009 - 6. Open s2300"]
[Site "Calvia ESP"]
[Date "2009.10.11"]
[Round "2.19"]
[White "Simo Bordoy, Guillermo"]
[Black "Lacrosse, Marc"]
[Result "1/2-1/2"]
[WhiteElo "2001"]
[BlackElo "2179"]
[PlyCount "75"]
[EventDate "2009.10.10"]
[EventType "swiss"]
[EventRounds "9"]
[EventCountry "ESP"]
[Source "lmi"]
[SourceDate "2009.10.10"]

1. Nf3 d5 2. g3 Bg4 3. c4 c6 4. Bg2 e6 5. Qb3 Qb6 6. Nc3 Nd7 7. Qxb6 axb6 8.
cxd5 exd5 9. O-O b5 10. e4 Bxf3 11. Bxf3 d4 12. Ne2 Bc5 13. Nf4 Ne5 14. Be2 Ne7
15. Nd3 Nxd3 16. Bxd3 O-O 17. Kg2 Ra7 18. Bc2 Rfa8 19. d3 Rxa2 20. Rxa2 Rxa2
21. Bb3 Ra1 22. f4 Kf8 23. f5 Ke8 24. g4 f6 25. h4 Bd6 26. g5 Be5 27. h5 fxg5
28. Bxg5 Rxf1 29. Kxf1 h6 30. Bxe7 Kxe7 31. Ke2 Kd6 32. Bf7 b6 33. b3 Kc5 34.
Kd2 Kb4 35. Kc2 c5 36. Be6 Ka3 37. Bd7 Kb4 38. Be6 1/2-1/2

[Event "Festival de Calviá 2009 - 6. Open s2300"]
[Site "Calvia ESP"]
[Date "2009.10.11"]
[Round "2.20"]
[White "Minina, Veronika"]
[Black "Zalba Esteban, Peio"]
[Result "1-0"]
[WhiteElo "2167"]
[BlackElo "1993"]
[PlyCount "41"]
[EventDate "2009.10.10"]
[EventType "swiss"]
[EventRounds "9"]
[EventCountry "ESP"]
[Source "lmi"]
[SourceDate "2009.10.10"]

1. Nf3 Nf6 2. g3 g6 3. Bg2 Bg7 4. c4 d5 5. cxd5 Nxd5 6. d4 O-O 7. O-O Nc6 8.
Nc3 Nxc3 9. bxc3 e5 10. d5 Na5 11. e4 f5 12. Qa4 c6 13. Rd1 b5 14. Qc2 fxe4 15.
dxc6 Qe8 16. Qxe4 Bf5 17. Qd5+ Be6 18. Qxb5 Nc4 19. Ng5 Rb8 20. Qa6 Rb6 21.
Qxa7 1-0

[Event "Festival de Calviá 2009 - 6. Open s2300"]
[Site "Calvia ESP"]
[Date "2009.10.12"]
[Round "3.1"]
[White "Tscharotschkin, Michael"]
[Black "Massanet Massanet, Sebastian"]
[Result "1-0"]
[WhiteElo "2194"]
[BlackElo "2297"]
[PlyCount "83"]
[EventDate "2009.10.10"]
[EventType "swiss"]
[EventRounds "9"]
[EventCountry "ESP"]
[Source "lmi"]
[SourceDate "2009.10.10"]

1. e4 e5 2. Nf3 Nc6 3. Bc4 Bc5 4. d3 Nf6 5. Nc3 O-O 6. O-O h6 7. a3 d6 8. h3 a5
9. Be3 Bxe3 10. fxe3 Be6 11. Bxe6 fxe6 12. Nh2 Qe8 13. Ng4 Qg6 14. Nxf6+ gxf6
15. Rf3 Rf7 16. Qe1 Rg7 17. Qf2 Rf8 18. Rf1 Kh7 19. Ne2 Ne7 20. Kh2 f5 21. g4
Rfg8 22. exf5 exf5 23. Rg1 fxg4 24. Rxg4 Qe8 25. Rxg7+ Rxg7 26. Ng3 d5 27. e4
d4 28. Rf6 Rg5 29. Re6 Rg6 30. Rxe5 Qd7 31. Qf7+ Rg7 32. Qxg7+ Kxg7 33. Rxe7+
Qxe7 34. Nf5+ Kf6 35. Nxe7 Kxe7 36. Kg3 b5 37. Kf2 Kd6 38. Ke2 c5 39. b3 Ke5
40. Kf3 h5 41. a4 b4 42. h4 1-0

[Event "Festival de Calviá 2009 - 6. Open s2300"]
[Site "Calvia ESP"]
[Date "2009.10.12"]
[Round "3.2"]
[White "Cruz, Jonathan"]
[Black "Minina, Veronika"]
[Result "1-0"]
[WhiteElo "2292"]
[BlackElo "2167"]
[PlyCount "81"]
[EventDate "2009.10.10"]
[EventType "swiss"]
[EventRounds "9"]
[EventCountry "ESP"]
[Source "lmi"]
[SourceDate "2009.10.10"]

1. d4 Nf6 2. c4 g6 3. Nc3 Bg7 4. e4 d6 5. Be2 O-O 6. Bg5 c5 7. d5 a6 8. a4 Qa5
9. Bd2 e6 10. Nf3 exd5 11. cxd5 Qb4 12. Qc2 Bg4 13. O-O Bxf3 14. Bxf3 Qd4 15.
Nb5 Qe5 16. Bc3 Qe7 17. Nxd6 Qxd6 18. e5 Qd8 19. exf6 Bh8 20. Rfe1 Nd7 21. Re7
Rb8 22. d6 Nxf6 23. Rd1 Re8 24. Be5 Nd7 25. Bxh8 Kxh8 26. Rxf7 Ne5 27. Qc3 Kg8
28. Rc7 Qf6 29. d7 Rf8 30. Bd5+ Kh8 31. Qxc5 b6 32. Qd4 Rbd8 33. Bc4 a5 34. Bb5
Kg8 35. Rc2 Qg5 36. Kh1 Rf4 37. Qd5+ Kh8 38. Re1 Rf5 39. Qd4 Kg8 40. Rce2 Ng4
41. Bc4+ 1-0

[Event "Festival de Calviá 2009 - 6. Open s2300"]
[Site "Calvia ESP"]
[Date "2009.10.12"]
[Round "3.3"]
[White "Gonzalez Arribas, Vidal A"]
[Black "Planas Gene, Juan"]
[Result "1-0"]
[WhiteElo "2286"]
[BlackElo "2130"]
[PlyCount "71"]
[EventDate "2009.10.10"]
[EventType "swiss"]
[EventRounds "9"]
[EventCountry "ESP"]
[Source "lmi"]
[SourceDate "2009.10.10"]

1. c4 e5 2. g3 Nf6 3. Bg2 Nc6 4. Nf3 d5 5. cxd5 Nxd5 6. Nc3 Nxc3 7. bxc3 Be7 8.
O-O O-O 9. d4 Bf6 10. d5 Ne7 11. e4 Bd7 12. c4 Nc8 13. Qc2 c5 14. Bb2 Qe7 15.
Nd2 Nd6 16. a4 g5 17. f4 gxf4 18. gxf4 exf4 19. e5 Bxe5 20. Rae1 f6 21. Nf3 Bf5
22. Qb3 Nf7 23. Nxe5 fxe5 24. Rxf4 Qg5 25. Rf3 Bg6 26. Rg3 Qd2 27. Bc3 Qf4 28.
d6 Ng5 29. Bd5+ Bf7 30. Bxe5 Qh4 31. Re4 Qh5 32. h4 h6 33. hxg5 Bxd5 34. gxh6+
Kf7 35. cxd5 b5 36. Rf4+ 1-0

[Event "Festival de Calviá 2009 - 6. Open s2300"]
[Site "Calvia ESP"]
[Date "2009.10.12"]
[Round "3.4"]
[White "Lechado Artigues, Pedro"]
[Black "Andersen, Lars Even"]
[Result "1/2-1/2"]
[WhiteElo "2110"]
[BlackElo "2242"]
[PlyCount "57"]
[EventDate "2009.10.10"]
[EventType "swiss"]
[EventRounds "9"]
[EventCountry "ESP"]
[Source "lmi"]
[SourceDate "2009.10.10"]

1. e4 Nc6 2. d4 e5 3. d5 Nce7 4. g3 Ng6 5. h4 Bc5 6. Bg2 d6 7. Qd3 Nf6 8. Nc3
Bd7 9. Bd2 Ng4 10. Nh3 h6 11. h5 Nf8 12. Qe2 Qe7 13. O-O-O Nf6 14. f4 Bg4 15.
Bf3 Bxf3 16. Qxf3 N8d7 17. Nf2 a6 18. Nd3 Bb6 19. fxe5 Nxe5 20. Nxe5 dxe5 21.
g4 Ba5 22. g5 Bxc3 23. bxc3 Qa3+ 24. Kb1 hxg5 25. Qf5 Rxh5 26. Rxh5 Nxh5 27.
Rh1 g6 28. Qxe5+ Qe7 29. Qh8+ 1/2-1/2

[Event "Festival de Calviá 2009 - 6. Open s2300"]
[Site "Calvia ESP"]
[Date "2009.10.12"]
[Round "3.5"]
[White "Juan Mas, Santiago"]
[Black "Alcaraz Ortega, Javier"]
[Result "0-1"]
[WhiteElo "2098"]
[BlackElo "2236"]
[PlyCount "80"]
[EventDate "2009.10.10"]
[EventType "swiss"]
[EventRounds "9"]
[EventCountry "ESP"]
[Source "lmi"]
[SourceDate "2009.10.10"]

1. Nf3 c5 2. g3 d5 3. Bg2 Nc6 4. O-O g6 5. d3 Bg7 6. c3 e6 7. Nbd2 Nge7 8. e4
O-O 9. Re1 Qc7 10. exd5 Nxd5 11. Nb3 b6 12. d4 c4 13. Nbd2 Na5 14. Ne5 Bb7 15.
Ne4 Rad8 16. Bd2 Rfe8 17. f4 f6 18. Nf3 Nc6 19. Qa4 Nce7 20. Re2 a6 21. Rae1
Bc8 22. Qc2 Nc6 23. Nf2 Re7 24. Nd1 b5 25. Ne3 Nb6 26. Bc1 Rde8 27. Nd2 Kh8 28.
Ne4 Rd8 29. Nf2 Rf7 30. Qe4 Ne7 31. Qc2 Ned5 32. Nfd1 Nxe3 33. Nxe3 Re7 34. Qe4
Rde8 35. Qc6 Qa7 36. Nc2 Bb7 37. Qc5 Bxg2 38. Rxg2 Rc7 39. Qd6 Bf8 40. Rxe6
Bxd6 0-1

[Event "Festival de Calviá 2009 - 6. Open s2300"]
[Site "Calvia ESP"]
[Date "2009.10.12"]
[Round "3.6"]
[White "Logar, Metod"]
[Black "Spence, David J"]
[Result "0-1"]
[WhiteElo "2069"]
[BlackElo "2223"]
[PlyCount "77"]
[EventDate "2009.10.10"]
[EventType "swiss"]
[EventRounds "9"]
[EventCountry "ESP"]
[Source "lmi"]
[SourceDate "2009.10.10"]

1. e4 e6 2. d4 d5 3. Nc3 Bb4 4. exd5 exd5 5. Qf3 Nc6 6. Nge2 Nge7 7. Bg5 f6 8.
Bf4 Be6 9. O-O-O Qd7 10. a3 Ba5 11. h3 O-O 12. g4 a6 13. Na4 Bb6 14. Nxb6 cxb6
15. Qb3 b5 16. Nc3 Nc8 17. Bg2 Nb6 18. Rhe1 Bf7 19. g5 fxg5 20. Bxg5 Qf5 21.
Be3 Nc4 22. Kb1 Rad8 23. Ne2 Qd7 24. Nf4 Qd6 25. Rg1 Rfe8 26. Bc1 Qf6 27. Qd3
b4 28. a4 b5 29. axb5 axb5 30. Bxd5 Rxd5 31. Nxd5 Bxd5 32. Rg5 Be4 33. Qg3 b3
34. Qxb3 Nxd4 35. Rxd4 Qxd4 36. Rxb5 Bg6 37. Rb8 Bxc2+ 38. Kxc2 Qe4+ 39. Kc3
0-1

[Event "Festival de Calviá 2009 - 6. Open s2300"]
[Site "Calvia ESP"]
[Date "2009.10.12"]
[Round "3.7"]
[White "Gaya Llodra, Juan"]
[Black "Rautanen, Sari"]
[Result "1-0"]
[WhiteElo "2218"]
[BlackElo "1993"]
[PlyCount "86"]
[EventDate "2009.10.10"]
[EventType "swiss"]
[EventRounds "9"]
[EventCountry "ESP"]
[Source "lmi"]
[SourceDate "2009.10.10"]

1. d4 d6 2. g3 Nd7 3. c4 e5 4. Nc3 g6 5. Nf3 Bg7 6. Bg2 Ne7 7. O-O O-O 8. e4
exd4 9. Nxd4 Nc6 10. Nde2 Nc5 11. Be3 Be6 12. b3 a5 13. Rb1 Qd7 14. Qd2 Bh3 15.
Rbd1 Bxg2 16. Kxg2 Qe8 17. f3 Ne5 18. Nd5 Qd8 19. Bg5 f6 20. Be3 Re8 21. Ndf4
c6 22. Nc3 Bf8 23. h4 Qc7 24. Qe2 Qf7 25. Nh3 Qe6 26. Bxc5 dxc5 27. f4 Nf7 28.
h5 Rad8 29. hxg6 hxg6 30. Rde1 Rd7 31. Nf2 Red8 32. Qg4 Qxg4 33. Nxg4 Bg7 34.
f5 Rd2+ 35. Rf2 gxf5 36. exf5 Ne5 37. Nxe5 fxe5 38. Ne4 Rxf2+ 39. Kxf2 b6 40.
g4 Kf7 41. g5 Rd4 42. Ke3 Bf8 43. Rh1 Kg7 1-0

[Event "Festival de Calviá 2009 - 6. Open s2300"]
[Site "Calvia ESP"]
[Date "2009.10.12"]
[Round "3.8"]
[White "Haga, Halvor"]
[Black "Galiana Salom, Juan Ramon"]
[Result "1-0"]
[WhiteElo "1986"]
[BlackElo "2216"]
[PlyCount "79"]
[EventDate "2009.10.10"]
[EventType "swiss"]
[EventRounds "9"]
[EventCountry "ESP"]
[Source "lmi"]
[SourceDate "2009.10.10"]

1. e4 e6 2. d3 d5 3. Nd2 c5 4. Ngf3 Bd6 5. g3 Nc6 6. Bg2 Nge7 7. O-O O-O 8. Re1
a5 9. a4 b6 10. Nf1 Ba6 11. h4 Qc7 12. Qe2 Nd4 13. Qd1 dxe4 14. dxe4 Rad8 15.
c3 Ndc6 16. Qc2 Ne5 17. Nxe5 Bxe5 18. f4 Bd3 19. Qf2 f6 20. fxe5 fxe5 21. Bf3
Nc8 22. Qg2 Qf7 23. Bg4 Rd7 24. Be2 h6 25. Bxd3 Rxd3 26. Be3 Rfd8 27. Nd2 Nd6
28. Qf1 Qg6 29. Qg2 Qh5 30. Re2 Ne8 31. Nc4 Nf6 32. Rd2 Rxd2 33. Bxd2 Rd3 34.
Re1 Nd7 35. Kh2 Nf6 36. Qe2 Qxe2+ 37. Rxe2 Ng4+ 38. Kh3 h5 39. Nxb6 Rf3 40. Kg2
1-0

[Event "Festival de Calviá 2009 - 6. Open s2300"]
[Site "Calvia ESP"]
[Date "2009.10.12"]
[Round "3.9"]
[White "Lopez Colon, Francisco"]
[Black "Vallespir Salor, Gabriel"]
[Result "1/2-1/2"]
[WhiteElo "2274"]
[BlackElo "2108"]
[PlyCount "92"]
[EventDate "2009.10.10"]
[EventType "swiss"]
[EventRounds "9"]
[EventCountry "ESP"]
[Source "lmi"]
[SourceDate "2009.10.10"]

1. d4 Nf6 2. c4 g6 3. Nc3 Bg7 4. e4 d6 5. f3 O-O 6. Bg5 Nbd7 7. Qd2 c6 8. Bd3
a6 9. Nge2 b5 10. O-O Rb8 11. b3 c5 12. cxb5 cxd4 13. Nxd4 Qb6 14. Be3 Ng4 15.
fxg4 Bxd4 16. Bxd4 Qxd4+ 17. Rf2 Ne5 18. Bf1 Qc5 19. Na4 Qa3 20. bxa6 Rxb3 21.
axb3 Qxa1 22. Qc3 Qb1 23. Qc2 Qe1 24. Qe2 Qb4 25. h3 Bd7 26. a7 Qxb3 27. Nb2
Qb7 28. Qe3 Ra8 29. Nc4 Qxa7 30. Qxa7 Rxa7 31. Nxe5 dxe5 32. Bc4 e6 33. g5 Bc6
34. Bd3 Ra1+ 35. Rf1 Rxf1+ 36. Kxf1 f5 37. gxf6 Kf7 38. h4 Kxf6 39. Kf2 g5 40.
g3 h6 41. Kf3 gxh4 42. gxh4 Kg6 43. Kg4 Ba4 44. Kg3 Bd1 45. Bb5 Kf6 46. Bd3 Kg6
1/2-1/2

[Event "Festival de Calviá 2009 - 6. Open s2300"]
[Site "Calvia ESP"]
[Date "2009.10.12"]
[Round "3.10"]
[White "Frick, Christoph"]
[Black "Hutchinson, Norman A"]
[Result "1-0"]
[WhiteElo "2255"]
[BlackElo "2096"]
[PlyCount "61"]
[EventDate "2009.10.10"]
[EventType "swiss"]
[EventRounds "9"]
[EventCountry "ESP"]
[Source "lmi"]
[SourceDate "2009.10.10"]

1. Nc3 d5 2. e4 c6 3. g3 dxe4 4. Nxe4 Bf5 5. Bg2 Nd7 6. Qe2 e6 7. Nf3 Ngf6 8.
d3 Qa5+ 9. Ned2 Nd5 10. O-O N7f6 11. Ne5 Qc7 12. Ndf3 Bd6 13. Re1 h6 14. Bd2
O-O 15. c4 Nb4 16. Bc3 c5 17. a3 Na6 18. Rad1 Rad8 19. Nh4 Kh7 20. Qf3 Nb8 21.
Qxb7 Bxe5 22. Rxe5 Qxb7 23. Bxb7 Bxd3 24. Rxc5 Ne4 25. Rc7 Nxc3 26. bxc3 Be2
27. Rd4 e5 28. Rd5 Bg4 29. Rxe5 Rd1+ 30. Kg2 Rc1 31. Ree7 1-0

[Event "Festival de Calviá 2009 - 6. Open s2300"]
[Site "Calvia ESP"]
[Date "2009.10.12"]
[Round "3.11"]
[White "Ducros Salva, Antonio"]
[Black "Vela Ignacio, Jose Manuel"]
[Result "1-0"]
[WhiteElo "2239"]
[BlackElo "2087"]
[PlyCount "59"]
[EventDate "2009.10.10"]
[EventType "swiss"]
[EventRounds "9"]
[EventCountry "ESP"]
[Source "lmi"]
[SourceDate "2009.10.10"]

1. c4 e5 2. g3 Nc6 3. Bg2 d6 4. Nc3 f5 5. d3 Nf6 6. e4 g6 7. Nge2 Bg7 8. O-O
O-O 9. h3 Be6 10. Nd5 Qd7 11. Kh2 Rf7 12. Be3 Raf8 13. Qd2 Nd8 14. Rac1 c6 15.
Nxf6+ Rxf6 16. exf5 Rxf5 17. d4 Rh5 18. h4 d5 19. cxd5 Bxd5 20. dxe5 Bxe5 21.
f4 Bc7 22. Bf3 Rhf5 23. Nc3 Be6 24. Qxd7 Bxd7 25. Bxa7 b6 26. Na4 Bxf4 27. gxf4
Rxf4 28. Nxb6 Rxf3 29. Rxf3 Rxf3 30. Nxd7 1-0

[Event "Festival de Calviá 2009 - 6. Open s2300"]
[Site "Calvia ESP"]
[Date "2009.10.12"]
[Round "3.12"]
[White "Fruebing, Thomas"]
[Black "Dzubasz, Tino"]
[Result "1-0"]
[WhiteElo "2232"]
[BlackElo "2071"]
[PlyCount "49"]
[EventDate "2009.10.10"]
[EventType "swiss"]
[EventRounds "9"]
[EventCountry "ESP"]
[Source "lmi"]
[SourceDate "2009.10.10"]

1. e4 c5 2. c3 Nf6 3. e5 Nd5 4. d4 cxd4 5. cxd4 d6 6. exd6 Qxd6 7. Nc3 Nxc3 8.
bxc3 g6 9. Nf3 Bg7 10. Bd3 Nc6 11. O-O O-O 12. Re1 e5 13. Qa4 Re8 14. Bc4 Bd7
15. Ba3 Qf6 16. Bb5 a6 17. Bf1 exd4 18. cxd4 Red8 19. Bb2 Qf4 20. Qc2 Rac8 21.
Qb3 Na5 22. Qb6 Qc7 23. Qb4 b5 24. Rac1 Nc4 25. Bxc4 1-0